3rd Reich Countries - Statistics

General Stats
  • This quiz has been taken 109 times
  • The average score is 15 of 19
Answer Stats
Answer % Correct
100% Poland
99%
100% Austria
98%
58% France
96%
100% Denmark
93%
100% Germany
92%
100% Netherlands
91%
100% Belgium
89%
34% Soviet Union
89%
100% Norway
88%
100% Luxembourg
85%
100% Serbia
79%
100% Slovenia
75%
100% Estonia
74%
100% Latvia
72%
100% Lithuania
72%
12% Greece
69%
100% Ukraine
64%
52% Czechoslovakia
61%
100% Belarus
60%
No matching quizzes found
Score Distribution
Percent of People with Each Score
Percentile by Number Answered
Your Score History
You have not taken this quiz